000 00798nam a2200229Ia 4500
003 OSt
005 20220923212358.0
006 a|||||r|||| 00| 0
007 ta
008 220922b |||||||| |||| 00| 0 hin d
024 _a152,505
037 _cTextual
040 _aARTS
_cARTS
_bhin
041 _2hin
_ahin
082 _aN5282, 152L2.1
100 _aगोस्वामी, प्रेमचन्द्र, संपा.
245 0 _aराजस्थान की लधुचित्र शैलियां खण्ड़ 1
246 _aRājasthān kī ladhuchitra shailiyāan khaṇड़ 1
260 _c1972
942 _hN5282, 152L2.1
_cTEXL
_2CC
999 _c308154
_d308154